000 00851cam a2200277 a 4500
001 14945526
005 20170105102917.0
008 070730s2007 pk b 001 0 eng
010 _a 2007432283
020 _a9789693520200
020 _a9693520203
025 _aP-E-2007432283; 20
040 _aDLC
_cDLC
_dDLC
042 _alcode
043 _aa-pk---
050 0 0 _aDS382
_b.D35 2007
100 1 _aDani, Ahmad Hasan.
245 1 0 _aHistory of Pakistan :
_bPakistan through ages /
_cby Ahmad Hasan Dani.
260 _aLahore :
_bSang-e Meel Publications,
_c2007.
300 _axvi, 527 p. ;
_c25 cm.
504 _aIncludes bibliographical references (p. 489-504) and index.
651 0 _aPakistan
_xHistory.
906 _a7
_bcbc
_corigode
_d3
_encip
_f20
_gy-gencatlg
942 _2ddc
_cBK
999 _c15410
_d15410